総画数の多い市町村TOP48 - Statistics

General Stats
  • This quiz has been taken 867 times
  • The average score is 13 of 48
Answer Stats
画数 市町村 % Correct
39 薩摩川内市
67%
42 那須塩原市
54%
33 武蔵村山市
53%
36 豊後大野市
50%
35 常陸大宮市
50%
35 陸前高田市
49%
34 山陽小野田市
48%
37 豊後高田市
47%
32 那須烏山市
47%
38 富士河口湖町
38%
34 神石高原町
37%
39 南富良野町
36%
32 丹波篠山市
36%
38 美濃加茂市
35%
34 武蔵野市
35%
41 那智勝浦町
33%
39 横須賀市
33%
34 中富良野町
33%
39 野沢温泉村
32%
33 上富良野町
32%
33 相模原市
31%
34 塩竈市
30%
32 隠岐の島町
28%
37 御殿場市
23%
36 舞鶴市
22%
32 檜枝岐村
21%
36 南阿蘇村
19%
34 新温泉町
19%
32 粟島浦村
19%
33 奥多摩町
18%
33 安曇野市
18%
41 渡嘉敷村
17%
37 御蔵島村
17%
33 西興部村
17%
32 鰺ヶ沢町
17%
32 御前崎市
16%
38 南箕輪村
14%
39 新篠津村
13%
35 聖籠町
13%
35 筑紫野市
13%
34 鶴ヶ島市
13%
34 洞爺湖町
12%
33 東成瀬村
12%
33 湯梨浜町
8%
34 鷹栖町
6%
33 綾瀬市
6%
33 観音寺市
5%
34 横瀬町
4%
No matching quizzes found
Score Distribution
Percent of People with Each Score
Percentile by Number Answered
Your Score History
You have not taken this quiz